[Event "Ruhrgebiet Verbandsliga Gruppe 1 1819"]
[Site "Nordrheinwestfalen"]
[Date "2019.02.03"]
[Round "6.8"]
[White "Pappert, Thomas"]
[Black "Dreesbach, Harald"]
[Result "1-0"]
[WhiteElo "1766"]
[BlackElo "1770"]
[PlyCount "105"]
[EventDate "2018.09.23"]
[EventType "team-tourn"]
[EventRounds "9"]
[EventCountry "GER"]
[SourceTitle "EXT 2022"]
[Source "ChessBase"]
[SourceDate "2021.10.06"]
[SourceVersion "1"]
[SourceVersionDate "2021.10.06"]
[SourceQuality "1"]
[WhiteTeam "Bochum-Linden"]
[BlackTeam "Ahlen SV"]
[WhiteTeamCountry "GER"]
[BlackTeamCountry "GER"]

1. c4 Nf6 2. Nc3 d5 3. cxd5 Nxd5 4. g3 e5 5. Bg2 Be6 6. e3 Nc6 7. Nge2 Be7 8. a3 0-0 9. 0-0 Qd7 10. d4 Rad8 11. Qc2 exd4 12. Nxd4 Nxd4 13. exd4 c6 14. Be3 Rfe8 15. Rac1 a6 16. Na4 Bf5 17. Qb3 h6 18. Nc5 Bxc5 19. Rxc5 Be4 20. Rcc1 Re7 21. Rce1 Rde8 22. Bd2 Nf6 23. Bb4 Bd5 24. Bxd5 Rxe1 25. Bxf7+ Qxf7 26. Qxf7+ Kxf7 27. Rxe1 Rxe1+ 28. Bxe1 Ke6 29. f3 Kd5 30. Bc3 Kc4 31. Bb4 Kxd4 32. Bf8 Ne8 33. Kf2 Kc4 34. Bb4 c5 35. Bc3 b5 36. Ke3 b4 37. axb4 cxb4 38. Be5 a5 39. Ke4 a4 40. h4 a3 41. bxa3 bxa3 42. Kf5 a2 43. Kg6 Kb3 44. g4 Nd6 45. Bxg7 Nc4 46. Ba1 Kc2 47. g5 hxg5 48. h5 Kb1 49. h6 Kxa1 50. h7 Ne5+ 51. Kf6 Kb1 52. h8Q a1Q 53. Qh1+ 1-0

[Event "Ruhrgebiet Verbandsliga Gruppe 1 1819"]
[Site "Nordrheinwestfalen"]
[Date "2018.09.23"]
[Round "1.8"]
[White "Weimer, Eduard"]
[Black "Dreesbach, Harald"]
[Result "1-0"]
[WhiteElo "2039"]
[BlackElo "1754"]
[PlyCount "63"]
[EventDate "2018.09.23"]
[EventType "team-tourn"]
[EventRounds "9"]
[EventCountry "GER"]
[SourceTitle "EXT 2022"]
[Source "ChessBase"]
[SourceDate "2021.10.06"]
[SourceVersion "1"]
[SourceVersionDate "2021.10.06"]
[SourceQuality "1"]
[WhiteTeam "Hamm Koenigsspringer"]
[BlackTeam "Ahlen SV"]
[WhiteTeamCountry "GER"]
[BlackTeamCountry "GER"]

1. e4 c5 2. Nf3 e6 3. d4 cxd4 4. Nxd4 a6 5. Nc3 Qc7 6. Be3 Bb4 7. Qd2 Nf6 8. f3 d5 9. Bg5 Nbd7 10. exd5 Nxd5 11. Nde2 N7b6 12. 0-0-0 0-0 13. Qd4 Nxc3 14. Nxc3 Bxc3 15. bxc3 Bd7 16. c4 Rfe8 17. Be3 Nxc4 18. Qxc4 Bc6 19. Bd3 Qa5 20. Bd4 Bd5 21. Qc3 Qd8 22. h4 Rc8 23. Qb2 f6 24. Rd2 Qd6 25. h5 Qf4 26. h6 e5 27. Bf2 e4 28. fxe4 Rxe4 29. Rh4 Qf5 30. Bxe4 Bxe4 31. Qb3+ Kf8 32. Qb4+ 1-0

[Event "Ruhrgebiet Regionalliga 1718"]
[Site "Germany"]
[Date "2017.11.12"]
[Round "3.7"]
[White "Friedrich, Patrick"]
[Black "Dreesbach, Harald"]
[Result "1-0"]
[WhiteElo "1940"]
[BlackElo "1772"]
[PlyCount "73"]
[EventDate "2017.10.01"]
[EventType "team-tourn"]
[EventRounds "9"]
[EventCountry "GER"]
[SourceTitle "EXT 2022"]
[Source "ChessBase"]
[SourceDate "2021.10.06"]
[SourceVersion "1"]
[SourceVersionDate "2021.10.06"]
[SourceQuality "1"]
[WhiteTeam "Borbeck Weisse Dame"]
[BlackTeam "Ahlen SV"]
[WhiteTeamCountry "GER"]
[BlackTeamCountry "GER"]

1. d4 Nf6 2. c4 g6 3. Nc3 d6 4. Nf3 Bg7 5. Bg5 0-0 6. e3 c6 7. Be2 Qa5 8. 0-0 Bg4 9. Bh4 Na6 10. h3 Bf5 11. a3 c5 12. Bxf6 exf6 13. b4 cxb4 14. axb4 Qd8 15. Qb3 Nc7 16. Nd2 Bd7 17. Ra2 a6 18. Rc1 f5 19. f4 Re8 20. Nf1 Rb8 21. b5 axb5 22. cxb5 Be6 23. Bc4 d5 24. Bd3 b6 25. Rac2 Bf8 26. g3 Bd6 27. Nd2 Bd7 28. Kf2 Qe7 29. Nf1 Be6 30. Be2 f6 31. Bf3 Qf7 32. Nd2 g5 33. Ra2 Ra8 34. Rca1 Rxa2 35. Rxa2 Rd8 36. Ra7 Be7 37. Rxc7 1-0

[Event "Ruhrgebiet VK2 1112"]
[Site "Nordrheinwestfalen"]
[Date "2012.04.22"]
[Round "9"]
[White "Dreesbach, Harald"]
[Black "Heidel, Klaus"]
[Result "1-0"]
[WhiteElo "1731"]
[BlackElo "1820"]
[PlyCount "85"]
[EventDate "2012.09.18"]
[EventType "team-tourn"]
[EventRounds "9"]
[EventCountry "GER"]
[SourceTitle "EXT 2020"]
[Source "ChessBase"]
[SourceDate "2019.10.17"]
[SourceVersion "1"]
[SourceVersionDate "2019.10.17"]
[SourceQuality "1"]
[WhiteTeam "Ahlen SV II"]
[BlackTeam "Drewer SG"]
[WhiteTeamCountry "GER"]
[BlackTeamCountry "GER"]

1. e4 e5 2. Nf3 Nc6 3. d4 exd4 4. Nxd4 Nf6 5. Nxc6 bxc6 6. Bd3 d5 7. Qe2 dxe4 8. Bxe4 Nxe4 9. Qxe4+ Qe7 10. Qxe7+ Bxe7 11. 0-0 0-0 12. Be3 Bf5 13. Nd2 Bf6 14. c3 Rfb8 15. Nb3 a5 16. Bd4 Be7 17. Be5 Bd6 18. Bxd6 cxd6 19. Nd4 Bd7 20. b3 c5 21. Nc2 a4 22. b4 Be6 23. a3 Kf8 24. f4 f6 25. Rae1 Bb3 26. Ne3 cxb4 27. cxb4 d5 28. Nf5 Re8 29. Kf2 Re4 30. Rxe4 dxe4 31. Nd6 Bc2 32. Re1 Rd8 33. Nxe4 Rd4 34. Kf3 Bd1+ 35. Ke3 Rd7 36. Nc5 Rd6 37. Nd3 Bc2 38. Nc5 Kf7 39. Rc1 Bd1 40. Rc3 Ke7 41. Rd3 f5 42. Rxd6 Kxd6 43. Kd2 1-0

[Event "Ruhrgebiet VK2 1112"]
[Site "Nordrheinwestfalen"]
[Date "2011.12.11"]
[Round "4"]
[White "Dreesbach, Harald"]
[Black "Lechtenboehmer, Nico"]
[Result "1-0"]
[WhiteElo "1731"]
[BlackElo "1208"]
[PlyCount "91"]
[EventDate "2012.09.18"]
[EventType "team-tourn"]
[EventRounds "9"]
[EventCountry "GER"]
[SourceTitle "EXT 2020"]
[Source "ChessBase"]
[SourceDate "2019.10.17"]
[SourceVersion "1"]
[SourceVersionDate "2019.10.17"]
[SourceQuality "1"]
[WhiteTeam "Ahlen SV II"]
[BlackTeam "Recklinghausen Laeufer Ost II"]
[WhiteTeamCountry "GER"]
[BlackTeamCountry "GER"]

1. e4 e6 2. d4 d5 3. e5 c5 4. c3 Nc6 5. a3 Qb6 6. Nf3 cxd4 7. cxd4 Nge7 8. b4 Nf5 9. Bb2 Be7 10. Be2 0-0 11. 0-0 Bd7 12. Kh1 Bd8 13. Nc3 f6 14. Na4 Qc7 15. Rc1 Qb8 16. Nc5 Bc8 17. Bb5 fxe5 18. Bxc6 bxc6 19. Nxe5 Qd6 20. Qa4 Bg5 21. Rce1 Ne7 22. Nf3 Bf4 23. g3 Bc1 24. Bxc1 Rxf3 25. Kg2 Rf5 26. f4 Bd7 27. Re2 Ng6 28. Rfe1 Rf6 29. Rc2 Ne7 30. Be3 Nf5 31. Bf2 Kf7 32. Nxd7 Qxd7 33. Qxc6 Qxc6 34. Rxc6 Ne7 35. Rc7 Ke8 36. Rec1 h6 37. Rb7 Rc8 38. Rxc8+ Nxc8 39. Rxg7 Ne7 40. Kf3 Rg6 41. Rxg6 Nxg6 42. Kg4 Ne7 43. Kh5 Ng8 44. g4 Kf7 45. Bh4 Kg7 46. b5 1-0